| 000 | 00433nam a2200181Ia 4500 | ||
|---|---|---|---|
| 003 | GCL | ||
| 008 | 140319s9999 xx 000 0 eng d | ||
| 040 |
_aGCL / _cGCL |
||
| 082 | 0 | 4 |
_a759.38 _bR P |
| 100 | 1 | _aROBERTSON, MARTIN | |
| 245 | 1 | 0 |
_aLA PEINTURE GRECQUE / _cROBERTSON, MARTIN |
| 260 |
_a[S.N] : _bSKIRA ، _c1978 |
||
| 300 | _a193 | ||
| 650 | 0 | 4 | _aPAINTING |
| 650 | 0 | 4 | _aGREECE |
| 650 | 0 | 4 | _aGREECE ART |
| 942 |
_2ddc _cBK |
||
| 999 |
_c12515 _d12515 |
||